Nr. 1 Hits in Deutschland 1997 - Statistiken

Allgemein
  • Dieses Quiz wurde 53 mal gespielt
  • Das Durchschnittsergebnis liegt bei 7 aus 11
Antwortstatistiken
Wochen auf Platz 1 Lied Interpret % Korrekt
7 Wochen Candle in the Wind ’97 Elton John
96%
6 Wochen Barbie Girl Aqua
85%
1 Woche Men in Black Will Smith
83%
13 Wochen Time to Say Goodbye Sarah Brightman &Andrea Bocelli
79%
7 Wochen Warum? Tic Tac Toe
70%
11 Wochen I’ll Be Missing You Puff Daddy feat. Faith Evans& 112
57%
1 Woche Mmmbop Hanson
53%
1 Woche Du liebst mich nicht Sabrina Setlur
53%
6 Wochen It’s Like That Run-D.M.C. vs. Jason Nevins
36%
5 Wochen Lonely Nana
28%
1 Woche Sonic Empire Members of Mayday
13%
Keine übereinstimmenden Quizze gefunden
Verteilung der Resultate
Anzahl Personen mit jedem Resultat
Perzentil nach korrekt beantworteten Fragen
Ihre Resultats-Entwicklung
Sie haben dieses Quiz noch nicht gespielt